Provinces of the Kingdom of Sardinia in 1859 on a Map - Statistics

General Stats
  • This quiz has been taken 59 times
  • The average score is 10 of 17
Answers on the Map
Answers color-coded by a green-red scale on the quiz's map according to % correct below.
 
Answer Stats
Answer % Correct
Genoa
98%
Milan
90%
Turin
88%
Cagliari
81%
Nice
69%
Como
62%
Sassari
60%
Bergamo
57%
Brescia
52%
Cremona
48%
Alessandria
45%
Annecy
45%
Novara
45%
Pavia
45%
Cuneo
40%
Sondrio
36%
Chambéry
33%
No matching quizzes found
Score Distribution
Percent of People with Each Score
Percentile by Number Answered
Your Score History
You have not taken this quiz